LEADER 01040cam0-22003491i-450- 001 990007776520403321 005 20110405113311.0 010 $a88-14-07231-0 035 $a000777652 035 $aFED01000777652 035 $a(Aleph)000777652FED01 035 $a000777652 100 $a20030814d----1998km-y0itay50------ba 101 0 $aita 102 $aIT 200 1 $a<>provvedimenti a tutela dei minori$eseparazione, divorzio e situazioni di convivenza$eprocedimenti avanti il tribunale civile ecc.$fRoberto Thomas e Maurizio Bruno 210 $aMilano$cGiuffre'$d1998 215 $a243 p.$d24 cm 225 1 $aFamiglia 610 0 $aMINORE - tutela del 676 $a346.01$v12$zita 700 1$aThomas,$bRoberto$0264135 702 1$aBruno,$bMaurizio 801 0$aIT$bUNINA$gRICA$2UNIMARC 901 $aBK 912 $a990007776520403321 952 $aEE-190$b1338$fDDRC 952 $a10-C-525$b10517$fDDCP 959 $aDDCP 959 $aDDRC 996 $aProvvedimenti a tutela dei minori$9666456 997 $aUNINA LEADER 01069nam 2200337 450 001 9910733299503321 005 20230814102522.0 035 $a(CKB)5600000000610488 035 $a(NjHacI)995600000000610488 035 $a(EXLCZ)995600000000610488 100 $a20230814d2023 uy 0 101 0 $aeng 135 $aur||||||||||| 181 $ctxt$2rdacontent 182 $cc$2rdamedia 183 $acr$2rdacarrier 200 10$a(Ab)Bilder $eZur Ideengeschichte und Ikonologie der Darstellungen menschlicher Embryonen in den Arbeiten Erich Blechschmidts (1904 - 1992) /$fHannah Sophie Menne 210 1$aGo?ttingen :$cUniversita?tsverlag Go?ttingen,$d2023. 215 $a1 online resource (208 pages) 606 $aEmbryonic Development 606 $aEmbryology, Human 615 0$aEmbryonic Development. 615 0$aEmbryology, Human. 676 $a612.64 700 $aMenne$b Hannah Sophie$01380239 801 0$bNjHacI 801 1$bNjHacl 906 $aBOOK 912 $a9910733299503321 996 $aAb)Bilder$93421525 997 $aUNINA